| 000 | 00416nam a2200145Ia 4500 | ||
|---|---|---|---|
| 008 | 231217s9999 xx 000 0 und d | ||
| 041 | _aEnglish | ||
| 082 | _a001.64 FOL;16 | ||
| 100 | _aFolk, Michael J Zoellick, Bill Riccardi, Greg | ||
| 245 | 0 | _aFile structures : an object-oriented approach with C++ | |
| 260 |
_c1998 _bPearson _aDelhi |
||
| 300 | _axxiv+724 | ||
| 650 | _aFile,structures,:C++ | ||
| 942 | _cAA | ||
| 999 |
_c174749 _d174749 |
||